Origin For Each NCS Creators #2 - Statistics

General Stats
  • This quiz has been taken 6 times
  • The average score is 5 of 15
Answer Stats
Creator Country % Correct
K-391 Norway
100%
Diamond Eyes United Kingdom
50%
Janji Finland
50%
Heuse India
50%
Diviniers Poland
50%
Clarx Poland
50%
HYLO Australia
25%
NIVIRO Belgium
25%
Jeja Estonia
25%
DEAF KEV Germany
25%
Aero Chord Greece
25%
BEAUZ United States
25%
ANGELPLAYA Croatia
0%
Robin Hustin Netherlands
0%
Vanze Sweden
0%
No matching quizzes found
Score Distribution
Percent of People with Each Score
Percentile by Number Answered
Your Score History
You have not taken this quiz